Programa de actuación 2004 - 2007 : Acción Local hacia la Sostenibilidad / Área de Medio Ambiente Acción Local hacia la Sostenibilidad / Área de Medio Ambiente
Descripción Física:
[16] p. : il. col. ; 30 cm
MARC
| LEADER | 00000nam a2200000Ia 4500 | ||
|---|---|---|---|
| 001 | 18513 | ||
| 008 | 160829s2004 xx 000 0 cat d | ||
| 080 | |a FU-51-12 | ||
| 110 | |a Barcelona (Catalunya : Província). |b Àrea de Medi Ambient |9 52987 | ||
| 245 | |a Programa de actuación 2004 - 2007 : |b Acción Local hacia la Sostenibilidad / Área de Medio Ambiente | ||
| 260 | |a Barcelona : |b Àrea de Medi Ambient, |c 2004 | ||
| 300 | |a [16] p. : |b il. col. ; |c 30 cm | ||
| 650 | 0 | |a Medi ambient |x Protecció |9 34273 | |
| 650 | 0 | |a Desenvolupament sostenible |9 23028 | |
| 901 | |a Arxiu | ||
| 942 | |n 1 | ||
| 952 | |0 0 |1 0 |4 0 |6 FU5112 |7 1 |9 50124 |a Arxiu |b Arxiu |d 2016-12-01 |l 0 |o FU-51-12 |p 18513 |r 2016-12-01 00:00:00 |w 2016-12-01 |y ARXIU | ||
| 999 | |c 53966 |d 53966 | ||